000 00572nam a2200229 a 4500
999 _c8536
_d8536
001 8536
003 BD-JhCC
005 20180919122034.0
008 180227s1987 e a|||| || | 001 0 eng d
035 _a(BD-JhCC)8536
040 _aBD-JhCC
_dBD-JhCC
041 _aeng
082 _a530
_bBRE 1987
100 _aBreithaupt, Jim
245 _aPhysics for Advanced Level /
_cJim Breithaupt,
250 _a4th ed.
260 _aLondon :
_bStanley Thornes Publishers Ltd,
_c1987
300 _a727 p. :
_c24 cm.
650 _aPhysics
942 _2ddc
_cBK